000 00443nam a2200181Ia 4500
001 10321
005 20260306161823.0
008 260306t2022||||xx |||||||||||||| ||spa||
041 _aESP
082 _a920
_bM26R
100 _aMartins, Ives Gandra da Silva,
_eAUT
245 0 _aReminiscências de um cidadão comum
260 _c2022
300 _a164 páginas :
_c21 cm.
650 _aGEN
654 _aCHU
942 _cLIB
_dJUS
_fJUS
_2ddc
_n
999 _c10321
_d10321